| 000 | 00973nmc a2200313 a 4500 | ||
|---|---|---|---|
| 003 | AR-BaBNM | ||
| 005 | 20251128203357.0 | ||
| 008 | 011101s1944 ||||||||||||||000 | spa|| | ||
| 040 | _cAR-BaBNM | ||
| 100 | 0 | _aSófocles | |
| 245 | 1 | 0 | _aTragedias |
| 260 |
_aBuenos Aires _bLibrería Perlado _c1944 |
||
| 300 | 0 | _a290 p. | |
| 490 | 0 |
_aBiblioteca clásica universal _vv. 15 |
|
| 500 | 0 | _aDonación Ana Adela de Machini. La presente edición contiene las siguientes tragedias: Electra - Ayax - Edipo rey - Edipo en Colono - Antígona - Las traquinias - Filóctetes | |
| 650 | 4 | _aLITERATURA GRIEGA | |
| 650 | 4 | _aTRAGEDIA | |
| 650 | 4 | _aTEATRO ANTIGUO | |
| 650 | 4 | _aARTE ANTIGUO | |
| 650 | 4 | _aMITOLOGIA | |
| 650 | 4 | _aRELIGION | |
| 655 | _aLITERATURA | ||
| 700 | 1 |
_aCorso, Félix F. _eprologuista |
|
| 700 | 1 |
_aBardé, J.C. _etraductor |
|
| 700 | 1 |
_aAlemany Bolufer, José _etraductor |
|
| 800 | 1 |
_aCorso, Félix F. _edirector |
|
| 942 | _cBK | ||
| 998 | _cMARTIN | ||
| 999 |
_c3105 _d3105 |
||